20 Biggest Cities in Slovakia with a Map - Statistics

General Stats
  • This quiz has been taken 1,396 times
  • The average score is 13 of 20
Answers on the Map
Answers color-coded by a green-red scale on the quiz's map according to % correct below.
 
Answer Stats
City Population % Correct
Bratislava 440,948
100%
Košice 238,138
95%
Banská Bystrica 77,719
86%
Prešov 87,886
86%
Žilina 80,386
85%
Nitra 76,028
84%
Trenčín 55,416
82%
Trnava 64,735
82%
Poprad 50,998
78%
Martin 53,763
71%
Komárno 33,539
60%
Michalovce 38,447
54%
Zvolen 42,092
51%
Humenné 32,491
49%
Bardejov 32,099
46%
Nové Zámky 37,193
45%
Spišská Nová Ves 36,729
43%
Prievidza 45,141
42%
Považská Bystrica 38,937
39%
Levice 32,470
38%
No matching quizzes found
Score Distribution
Percent of People with Each Score
Percentile by Number Answered
Your Score History
You have not taken this quiz